| 000 | 00355 a2200109 4500 | ||
|---|---|---|---|
| 001 | ART_46706 | ||
| 005 | 20260410161926.0 | ||
| 008 | 260409a | ||
| 245 | 1 | 0 | _aThe U.S. Productivity Slowdown: A Case of Statistical Myopia |
| 100 | 1 | _aDarby, Michael R. | |
| 773 | 0 |
_tThe American Economic Review _g- Vol. 74, NÂș 3 (jun. 1984) _wREV16190 |
|
| 999 |
_c28149 _d28149 |
||